Authors reply: Six-fold increased risk of acute pancreatitis in alcohol-related liver disease compared to matched comparators
Saved in:
| Main Authors: | , |
|---|---|
| Format: | Article (Journal) Editorial |
| Language: | English |
| Published: |
July 2025
|
| In: |
Journal of internal medicine
Year: 2025, Volume: 298, Issue: 1, Pages: 51-52 |
| ISSN: | 1365-2796 |
| DOI: | 10.1111/joim.20097 |
| Online Access: | Verlag, lizenzpflichtig, Volltext: https://doi.org/10.1111/joim.20097 Verlag, lizenzpflichtig, Volltext: https://onlinelibrary.wiley.com/doi/abs/10.1111/joim.20097 |
| Author Notes: | Ana Dugic, Hannes Hagström |
MARC
| LEADER | 00000caa a2200000 c 4500 | ||
|---|---|---|---|
| 001 | 1967751021 | ||
| 003 | DE-627 | ||
| 005 | 20260402170034.0 | ||
| 007 | cr uuu---uuuuu | ||
| 008 | 260331s2025 xx |||||o 00| ||eng c | ||
| 024 | 7 | |a 10.1111/joim.20097 |2 doi | |
| 035 | |a (DE-627)1967751021 | ||
| 035 | |a (DE-599)KXP1967751021 | ||
| 040 | |a DE-627 |b ger |c DE-627 |e rda | ||
| 041 | |a eng | ||
| 084 | |a 33 |2 sdnb | ||
| 100 | 1 | |a Dugic, Ana |e VerfasserIn |0 (DE-588)1286750164 |0 (DE-627)1843340690 |4 aut | |
| 245 | 1 | 0 | |a Authors reply: Six-fold increased risk of acute pancreatitis in alcohol-related liver disease compared to matched comparators |c Ana Dugic, Hannes Hagström |
| 264 | 1 | |c July 2025 | |
| 300 | |a 2 | ||
| 336 | |a Text |b txt |2 rdacontent | ||
| 337 | |a Computermedien |b c |2 rdamedia | ||
| 338 | |a Online-Ressource |b cr |2 rdacarrier | ||
| 500 | |a Gesehen am 31.03.2026 | ||
| 700 | 1 | |a Hagström, Hannes |e VerfasserIn |4 aut | |
| 773 | 0 | 8 | |i Enthalten in |t Journal of internal medicine |d Oxford [u.a.] : Wiley-Blackwell, 1863 |g 298(2025), 1 vom: Juli, Seite 51-52 |h Online-Ressource |w (DE-627)320457826 |w (DE-600)2006883-9 |w (DE-576)091142881 |x 1365-2796 |7 nnas |a Authors reply: Six-fold increased risk of acute pancreatitis in alcohol-related liver disease compared to matched comparators |
| 773 | 1 | 8 | |g volume:298 |g year:2025 |g number:1 |g month:07 |g pages:51-52 |g extent:2 |a Authors reply: Six-fold increased risk of acute pancreatitis in alcohol-related liver disease compared to matched comparators |
| 787 | 0 | 8 | |i Ergänzung zu |a Dugic, Ana |t Six-fold increased risk of acute pancreatitis in alcohol-related liver disease compared to matched comparators |d 2025 |w (DE-627)1919774300 |
| 787 | 0 | 8 | |i Ergänzung zu |a Lai, Shih-Wei |t Regarding |d 2025 |w (DE-627)1967755582 |
| 856 | 4 | 0 | |u https://doi.org/10.1111/joim.20097 |x Verlag |x Resolving-System |z lizenzpflichtig |3 Volltext |7 1 |
| 856 | 4 | 0 | |u https://onlinelibrary.wiley.com/doi/abs/10.1111/joim.20097 |x Verlag |z lizenzpflichtig |3 Volltext |7 1 |
| 951 | |a AR | ||
| 992 | |a 20260331 | ||
| 993 | |a Editorial | ||
| 994 | |a 2025 | ||
| 998 | |g 1286750164 |a Dugic, Ana |m 1286750164:Dugic, Ana |d 910000 |d 910100 |e 910000PD1286750164 |e 910100PD1286750164 |k 0/910000/ |k 1/910000/910100/ |p 1 |x j | ||
| 999 | |a KXP-PPN1967751021 |e 4946233245 | ||
| BIB | |a Y | ||
| SER | |a journal | ||
| JSO | |a {"name":{"displayForm":["Ana Dugic, Hannes Hagström"]},"language":["eng"],"relHost":[{"note":["Gesehen am 08.04.22"],"type":{"bibl":"periodical","media":"Online-Ressource"},"pubHistory":["1.1863 - 4.1868; [N.F.] 1.1869 -"],"origin":[{"dateIssuedDisp":"1863-","publisherPlace":"Oxford [u.a.] ; Oxford [u.a.] ; Oxford [u.a.]","dateIssuedKey":"1863","publisher":"Wiley-Blackwell ; Blackwell Science ; Blackwell"}],"id":{"zdb":["2006883-9"],"issn":["1365-2796"],"eki":["320457826"],"doi":["10.1111/(ISSN)1365-2796"]},"part":{"year":"2025","extent":"2","text":"298(2025), 1 vom: Juli, Seite 51-52","pages":"51-52","volume":"298","issue":"1"},"language":["eng"],"titleAlt":[{"title":"Medicinskt archiv"},{"title":"Nordiskt medicinskt arkiv"},{"title":"Acta medica Scandinavica"}],"recId":"320457826","disp":"Authors reply: Six-fold increased risk of acute pancreatitis in alcohol-related liver disease compared to matched comparatorsJournal of internal medicine","physDesc":[{"extent":"Online-Ressource"}],"title":[{"title":"Journal of internal medicine","title_sort":"Journal of internal medicine"}]}],"recId":"1967751021","physDesc":[{"extent":"2 S."}],"title":[{"title":"Authors reply: Six-fold increased risk of acute pancreatitis in alcohol-related liver disease compared to matched comparators","title_sort":"Authors reply: Six-fold increased risk of acute pancreatitis in alcohol-related liver disease compared to matched comparators"}],"type":{"media":"Online-Ressource","bibl":"article-journal"},"note":["Gesehen am 31.03.2026"],"origin":[{"dateIssuedKey":"2025","dateIssuedDisp":"July 2025"}],"person":[{"display":"Dugic, Ana","given":"Ana","family":"Dugic","role":"aut"},{"display":"Hagström, Hannes","role":"aut","given":"Hannes","family":"Hagström"}],"id":{"eki":["1967751021"],"doi":["10.1111/joim.20097"]}} | ||
| SRT | |a DUGICANAHAAUTHORSREP2025 | ||